Flores y plantas de la Reserva Natural Mogote Bayo y costa de la sierra de Comechingones, Merlo, San Luis, Argentina / (Record no. 2011)

MARC details
000 -LEADER
fixed length control field 00874nam a22002417a 4500
005 - DATE AND TIME OF LATEST TRANSACTION
control field 20140505132411.0
008 - FIXED-LENGTH DATA ELEMENTS--GENERAL INFORMATION
fixed length control field 120823s2011 _ag||||| |||| 00| 0 spa d
020 ## - INTERNATIONAL STANDARD BOOK NUMBER
International Standard Book Number 9789872319717
082 ## - DEWEY DECIMAL CLASSIFICATION NUMBER
Edition number 14
Classification number 635.9
100 1# - MAIN ENTRY--PERSONAL NAME
Personal name Del Vitto, Luis A.
9 (RLIN) 3814
245 10 - TITLE STATEMENT
Title Flores y plantas de la Reserva Natural Mogote Bayo y costa de la sierra de Comechingones, Merlo, San Luis, Argentina /
Statement of responsibility, etc Luis A. Del Vitto; Elisa M. Petenatti; Marta E. Petenatti.
260 ## - PUBLICATION, DISTRIBUTION, ETC. (IMPRINT)
Place of publication, distribution, etc Buenos Aires :
Name of publisher, distributor, etc Fundación Espacios Verdes,
Date of publication, distribution, etc 2011.
300 ## - PHYSICAL DESCRIPTION
Extent 152 p. :
Other physical details il. col. ;
Dimensions 22 cm.
650 #4 - SUBJECT ADDED ENTRY--TOPICAL TERM
9 (RLIN) 23046
Topical term or geographic name as entry element VEGETACION
650 #4 - SUBJECT ADDED ENTRY--TOPICAL TERM
9 (RLIN) 20017
Topical term or geographic name as entry element IDENTIFICACION
650 #4 - SUBJECT ADDED ENTRY--TOPICAL TERM
9 (RLIN) 24660
Topical term or geographic name as entry element RESERVA NATURAL MOGOTE BAYO
650 #4 - SUBJECT ADDED ENTRY--TOPICAL TERM
9 (RLIN) 24661
Topical term or geographic name as entry element MERLO
650 #4 - SUBJECT ADDED ENTRY--TOPICAL TERM
9 (RLIN) 22323
Topical term or geographic name as entry element SAN LUIS
650 #4 - SUBJECT ADDED ENTRY--TOPICAL TERM
9 (RLIN) 17582
Topical term or geographic name as entry element ARGENTINA
700 1# - ADDED ENTRY--PERSONAL NAME
Personal name Petenatti, Elisa M.
9 (RLIN) 10791
700 1# - ADDED ENTRY--PERSONAL NAME
Personal name Petenatti, Marta E.
9 (RLIN) 24654
942 ## - ADDED ENTRY ELEMENTS (KOHA)
Item type Libro, folleto, traducción
Source of classification or shelving scheme Dewey Decimal Classification
Holdings
Withdrawn status Lost status Source of classification or shelving scheme Damaged status Not for loan Home library Current library Date acquired Total Checkouts Total Renewals Full call number Barcode Date last seen Date last borrowed Price effective from Koha item type
    Dewey Decimal Classification     Biblioteca Central Biblioteca Central 05/05/2014 4 1 635.9 DEL V UNAJ14050712 12/11/2025 10/11/2025 05/05/2014 Libro, folleto, traducción

Lunes a Viernes 8:30 a 19:00 hs. Cerrado por mudanza
Av.Calchaqui 6200 Florencio Varela (CP188) 2°piso Edificio Mosconi Aula 209-210
Mail: bibliotecacentralunaj@gmail.com  
Whatsapp(54 9)1122668024    ❔Pregunte a la bibliotecaria
© Universidad Nacional Arturo Jauretche | Secretaría Académica | Biblioteca Central UNAJ